Tilastot visalle Kirjaimella A alkavaa maantiedettä - kuvavisa

Klikkaa tästä pelataksesi tätä visaa!

Yleistilastot

  • Tätä visaa on pelattu 530 kertaa
  • Keskiarvotulos 11 / 18

Vastaustilastot

Vastaus% Oikein
Ateena
96%
Albania
95%
Alpit
88%
Australia
87%
Amazon
80%
Amsterdam
79%
Arizona
72%
Andit
66%
{Adrian}meri
58%
Ahvenanmaa
50%
Alcatraz
49%
Arktis
47%
Andalusia
45%
Aleksandria
37%
Agra
29%
Angkor Wat
29%
Anatolia
28%
Ararat
27%

Tulosjakauma

Persentiili vastausten määrän mukaan

Jokaisen tuloksen saaneiden osuus

Tuloshistoriasi

Et ole pelannut tätä visaa